Functional dimensions of the post forum in the department of posts: A study of participation of civil society in Goa postal region (Record no. 101910)

000 -LEADER
fixed length control field 01122pab a2200193 454500
008 - FIXED-LENGTH DATA ELEMENTS--GENERAL INFORMATION
fixed length control field 180718b2012 xxu||||| |||| 00| 0 eng d
100 ## - MAIN ENTRY--PERSONAL NAME
Personal name Lobo, Charles
245 ## - TITLE STATEMENT
Title Functional dimensions of the post forum in the department of posts: A study of participation of civil society in Goa postal region
260 ## - PUBLICATION, DISTRIBUTION, ETC.
Date of publication, distribution, etc. 2012
300 ## - PHYSICAL DESCRIPTION
Extent p.719-732.
362 ## - DATES OF PUBLICATION AND/OR SEQUENTIAL DESIGNATION
Dates of publication and/or sequential designation Oct-Dec
520 ## - SUMMARY, ETC.
Summary, etc. The services for the common people need to be identified in consultation with the beneficiaries. The department of posts is one of the first Central government departments to introduce the concept of civil society participation in the form of Post Forums. The purpose was to involve the stakeholders in managing the post offices as per the needs of the customers. This article proffers the outcome of a study of Post Forums and their contribution in functioning and improvement of post offices in the state of Goa. - Reproduced.
650 ## - SUBJECT ADDED ENTRY--TOPICAL TERM
Topical term or geographic name entry element Civil society - India - Goa
650 ## - SUBJECT ADDED ENTRY--TOPICAL TERM
Topical term or geographic name entry element Postal services - India - Goa
650 ## - SUBJECT ADDED ENTRY--TOPICAL TERM
Topical term or geographic name entry element Postal services
773 ## - HOST ITEM ENTRY
Main entry heading Indian Journal of Public Administration
908 ## - PUT COMMAND PARAMETER (RLIN)
Put command parameter N
909 ## -
-- 101912
Holdings
Withdrawn status Lost status Damaged status Not for loan Permanent Location Current Location Date acquired Serial Enumeration / chronology Barcode Date last seen Price effective from Koha item type
        Indian Institute of Public Administration Indian Institute of Public Administration 2018-07-19 Volume no: 58, Issue no: 4 AR102372 2018-07-19 2018-07-19 Articles

Powered by Koha